Vista normal
Vista MARC
Entrada Nombre corporativo
Número de registros utilizados en: 6
001 - NÚMERO DE CONTROL
- Campo de control: 36460
003 - IDENTIFICADOR DE NÚMERO DE CONTROL
- Campo de control: ES-MaCES
005 - FECHA Y HORA DE LA ULTIMA MODIFICACION
- Campo de control: 20190510111208.0
008 - ELEMENTOS DE DATOS DE LONGITUD FIJA
- Campo de longitud fija: 160215|| azz||aabn | a|a d
040 ## - FUENTE DE LA CATALOGACIÓN
- Agencia original de catalogación: ES-MaCES
110 1# - ENCABEZAMIENTO--NOMBRE CORPORATIVO
- Nombre corporativo o de jurisdicción como elemento de entrada: Sánchez Martínez, Mariano

